00350nam a2200133Ia 4500008004100000020001800041040002900059050002500088100001900113245003300132260002900165942000700194999001500201230107s9999||||xx |||||||||||||| ||und|| a0-07-283061-1 cChuka University Library aQA 76.9bD3H331 2004 aHaag, Stephen  0aMicrosoft office Access 2003 aBostonbMcGrawhillc2004 cBK c8450d8450